000 00470nam a22001937a 4500
003 MPLRDC
005 20220104124406.0
008 210129b ||||| |||| 00| 0 eng d
020 _a967-985-578-3
082 _a083.6 SQXL v.1
100 _a刘兵乒
245 _a校园神话
_c
250 _a初版
260 _a
_b香港突破出版社
_c1997
300 _b
490 _a生趣系列. 1
650 _a现代丛书--通俗用
942 _cBK
_o083.6 SQXL v.1
999 _c18965
_d18955